| 000 | 00494nam a22001697a 4500 | ||
|---|---|---|---|
| 003 | 0 | ||
| 005 | 20230620091154.0 | ||
| 008 | 230620b xxu||||| |||| 00| 0 eng d | ||
| 020 | _a978-971-9900-23-8 | ||
| 082 |
_aFil. 158.4 _b.Ma468 2012 |
||
| 245 |
_aBeing a leader = Pagiging lider _cMayer, Cassie |
||
| 260 |
_aQuezon City _bC&E Publishing, Inc. _cC2012 |
||
| 300 |
_a26pp. _bcol. ill. _c19cm. |
||
| 500 | _aLeadership. | ||
| 500 | _aLeadership-Juvenile literature. | ||
| 942 |
_2ddc _cBK |
||
| 999 |
_c365038 _d365038 |
||